000 00657nam a22002177a 4500
003 UA-OsUOA
001 41122
007 ta
008 20060918b un ||||| |||| 00| 0 ukr d
100 _aГрипась В.
090 _a94(477)
_bГ-11
942 _cSA
040 _aUA-OsUOA
_bukr
_cUA-OsUOA
_dUA-OsUOA
245 _a"И начяша князи сами на себе крамолу ковати..."/ Невиконаний заповіт Ярослава Мудрого
300 _aС.8
955 _a0
041 _aukr
080 _a94(477)
773 0 _w41121
650 7 _a9 Географія. Біографії. Історія
_2UDC
999 _c327258
_d327258